[Event "49th Continental Open"]
[Site "Sturbridge, MA"]
[Date "2019.08.15"]
[Round "3"]
[White "Sheng, Joshua"]
[Black "Wu, Brandon"]
[Result "1-0"]
[WhiteElo "2483"]
[BlackElo "2023"]
[PlyCount "69"]
[EventDate "2019.08.??"]
[EventType "swiss"]
[EventRounds "9"]
[EventCountry "USA"]

1. g3 Nf6 2. Bg2 d5 3. d4 g6 4. Nf3 Bg7 5. O-O O-O 6. c4 c6 7. b3 Na6 8. Bb2
Ne4 9. e3 Be6 10. Qe2 Qb6 11. Nfd2 Nxd2 12. Nxd2 Rfd8 13. Rfc1 Rac8 14. c5 Qc7
15. a3 Bf5 16. b4 f6 17. Nb3 Qd7 18. Bc3 e5 19. dxe5 fxe5 20. e4 dxe4 21. Bxe4
Bxe4 22. Qxe4 Qd5 23. Qc2 b6 24. Rd1 Qc4 25. Nd2 Qe2 26. Qb3+ Kh8 27. Re1 Qd3
28. Rxe5 Rd5 29. Re3 Qf5 30. Re7 Bd4 31. Nf3 Rf8 32. Bxd4+ Rxd4 33. Qc3 bxc5
34. bxc5 Qxf3 35. Qxd4+ 1-0

[Event "49th Continental Open"]
[Site "Sturbridge, MA"]
[Date "2019.08.15"]
[Round "3"]
[White "Balakrishnan, Praveen"]
[Black "Ivanov, Alexander"]
[Result "1/2-1/2"]
[WhiteElo "2433"]
[BlackElo "2473"]
[PlyCount "92"]
[EventDate "2019.08.??"]
[EventType "swiss"]
[EventRounds "9"]
[EventCountry "USA"]

1. d4 Nf6 2. c4 e6 3. Nf3 b6 4. g3 Ba6 5. b3 b5 6. cxb5 Bxb5 7. Bg2 Bb4+ 8. Bd2
a5 9. Bxb4 axb4 10. Qd2 Qe7 11. Qg5 c5 12. Qxg7 Rg8 13. Qh6 Nc6 14. dxc5 Qxc5
15. O-O Ke7 16. Qd2 Ng4 17. Qb2 Ra5 18. a3 bxa3 19. Nxa3 Bxe2 20. Qxe2 Rxa3 21.
Rac1 Qb6 22. Qd3 Rxb3 23. Qxh7 Nf6 24. Qh6 Rb2 25. Nh4 Rxf2 26. Rxf2 Qxf2+ 27.
Kxf2 Ng4+ 28. Ke2 Nxh6 29. Bxc6 Rc8 30. g4 Rxc6 31. Rxc6 dxc6 32. g5 Nf5 33.
Nf3 Kd6 34. h4 Kd5 35. Kf2 Ng7 36. Kg3 c5 37. Kg4 c4 38. h5 Nxh5 39. Kxh5 c3
40. Ne1 Ke4 41. g6 fxg6+ 42. Kxg6 e5 43. Kf6 Kf4 44. Ke6 e4 45. Kd5 Ke3 46. Ke5
Kd2 1/2-1/2

[Event "49th Continental Open"]
[Site "Sturbridge, MA"]
[Date "2019.08.15"]
[Round "3"]
[White "Sevian, Samuel"]
[Black "Tsay, Vincent"]
[Result "1/2-1/2"]
[WhiteElo "2665"]
[BlackElo "2164"]
[PlyCount "87"]
[EventDate "2019.08.??"]
[EventType "swiss"]
[EventRounds "9"]
[EventCountry "USA"]

1. Nf3 d5 2. g3 Nf6 3. Bg2 c5 4. c4 d4 5. e3 Nc6 6. exd4 cxd4 7. O-O e6 8. d3
Bd6 9. Bg5 h6 10. Bxf6 Qxf6 11. Nbd2 Qd8 12. Re1 O-O 13. Rc1 Re8 14. a3 a5 15.
c5 Bc7 16. Nc4 e5 17. Nfd2 f5 18. b4 axb4 19. axb4 Be6 20. b5 Nb4 21. Qb3 Nd5
22. Nf3 f4 23. b6 Bb8 24. Nfd2 g5 25. Qb2 g4 26. Nxe5 f3 27. Nexf3 gxf3 28.
Nxf3 Nc3 29. Nxd4 Qxd4 30. Qxc3 Qxc3 31. Rxc3 Be5 32. Rcc1 Bf7 33. Bxb7 Ra2 34.
c6 Bd5 35. d4 Rf8 36. Rxe5 Rfxf2 37. Ba6 Rg2+ 38. Kf1 Rxh2 39. Be2 Rh1+ 40. Kf2
Rh2+ 41. Ke1 Rh1+ 42. Kf2 Rh2+ 43. Ke1 Rh1+ 44. Bf1 1/2-1/2

[Event "49th Continental Open"]
[Site "Sturbridge, MA"]
[Date "2019.08.15"]
[Round "3"]
[White "Cordova, Emilio"]
[Black "Johnston, Daniel"]
[Result "1-0"]
[WhiteElo "2599"]
[BlackElo "2053"]
[PlyCount "63"]
[EventDate "2019.08.??"]
[EventType "swiss"]
[EventRounds "9"]
[EventCountry "USA"]

1. Nf3 Nf6 2. c4 g6 3. b3 Bg7 4. Bb2 O-O 5. g3 c6 6. Bg2 d5 7. O-O Nbd7 8. Qc2
Re8 9. Ne5 Nxe5 10. Bxe5 Ng4 11. Bxg7 Kxg7 12. cxd5 cxd5 13. Nc3 Nf6 14. Rac1
e5 15. Qb2 Bf5 16. d3 Rc8 17. e4 Be6 18. exd5 Nxd5 19. Ne4 Rxc1 20. Rxc1 f6 21.
d4 Bf7 22. dxe5 Rxe5 23. Qd4 Qa5 24. h4 b6 25. Kh2 h5 26. Rc6 Qb5 27. Rd6 a5
28. a3 Qe2 29. Rxf6 Rxe4 30. Rxg6+ Kxg6 31. Bxe4+ Kh6 32. Qh8# 1-0

[Event "49th Continental Open"]
[Site "Sturbridge, MA"]
[Date "2019.08.15"]
[Round "3"]
[White "Lapshun, Yury"]
[Black "Rajesh, C.S."]
[Result "1/2-1/2"]
[WhiteElo "2391"]
[BlackElo "2145"]
[PlyCount "173"]
[EventDate "2019.08.??"]
[EventType "swiss"]
[EventRounds "9"]
[EventCountry "USA"]

1. d4 Nf6 2. Bf4 d5 3. Nc3 e6 4. e3 Be7 5. Nf3 O-O 6. Be2 c5 7. O-O Nc6 8. h3
b6 9. Bb5 Bb7 10. Bxc6 Bxc6 11. Ne5 Bb7 12. a4 Nd7 13. Qe2 Nxe5 14. Bxe5 a6 15.
Rfd1 Bd6 16. f4 Be7 17. Qg4 f6 18. Qxe6+ Rf7 19. dxc5 fxe5 20. c6 Bc8 21. Qxd5
Qxd5 22. Nxd5 Bc5 23. b4 Be7 24. c7 Be6 25. Nxb6 Raf8 26. c3 exf4 27. exf4 Bf6
28. Rd6 Bxc3 29. Rxe6 Rxc7 30. Rb1 a5 31. bxa5 Bxa5 32. Nd5 Rd7 33. Rb5 Ra8 34.
f5 Bd8 35. Re4 Rda7 36. Kf2 Kf7 37. Rbb4 Ra5 38. Red4 Bf6 39. Rd3 R8a7 40. g4
Rxa4 41. Rxa4 Bh4+ 42. Kf3 Rxa4 43. Rb3 Ra7 44. Nc3 Be7 45. Nb5 Ra4 46. Rd3 Rb4
47. Nc7 Rb6 48. Nd5 Rb7 49. Ke4 Bg5 50. Ra3 Bh4 51. Kf4 Rd7 52. Ra5 Be1 53. Rb5
Bd2+ 54. Ke5 Bg5 55. Ra5 Bd8 56. Ra8 h6 57. Ke4 Bg5 58. Ra3 Rb7 59. Ke5 Rd7 60.
Ra2 Bd8 61. Ra3 Bg5 62. Ra8 Bd8 63. Rc8 Bg5 64. Ke4 Ra7 65. Rc3 Ra4+ 66. Kf3
Ra7 67. Kg3 Be7 68. Kg2 Bg5 69. Rb3 Rd7 70. Rd3 Ra7 71. Rc3 Rd7 72. Nc7 Bf6 73.
Rc2 Bg5 74. Rc3 Bf6 75. Rc2 Bg5 76. Ne6 Rd2+ 77. Rxd2 Bxd2 78. Nc7 h5 79. Nd5
hxg4 80. hxg4 g6 81. Kf3 gxf5 82. gxf5 Bc1 83. Ke4 Bb2 84. Nb6 Ke7 85. Nc4 Bc3
86. Ne3 Kf7 87. Nf1 1/2-1/2

[Event "49th Continental Open"]
[Site "Sturbridge, MA"]
[Date "2019.08.09"]
[Round "3"]
[White "Poliannikov, Danila"]
[Black "Mandizha, Farai"]
[Result "0-1"]
[WhiteElo "2093"]
[BlackElo "2389"]
[PlyCount "82"]
[EventDate "2019.08.??"]
[EventType "swiss"]
[EventRounds "9"]
[EventCountry "USA"]

1. e4 c5 2. Nf3 d6 3. d4 cxd4 4. Nxd4 Nf6 5. Nc3 a6 6. g3 e5 7. Nde2 Be6 8. Bg2
Nbd7 9. a4 Rc8 10. O-O Qc7 11. h3 Be7 12. g4 h5 13. g5 Nh7 14. h4 O-O 15. f4
exf4 16. Nxf4 Bg4 17. Qe1 Ne5 18. Nfd5 Qd8 19. Qg3 Re8 20. Bf4 Bf8 21. Rf2 g6
22. Bxe5 dxe5 23. Rd2 Qa5 24. Rf1 b5 25. axb5 axb5 26. Bf3 Be6 27. Be2 b4 28.
Nd1 Bxd5 29. exd5 Bd6 30. Qf3 Qa7+ 31. Kg2 e4 32. Qe3 Qd7 33. c3 Re5 34. c4 Qe7
35. Qh3 Re8 36. Ne3 Nxg5 37. hxg5 Rxg5+ 38. Kf2 Rg3 39. Qh1 Rxe3 40. Kxe3 Qg5+
41. Kf2 Qg3# 0-1

[Event "49th Continental Open"]
[Site "Sturbridge, MA"]
[Date "2019.08.15"]
[Round "3"]
[White "Mulyar, Michael"]
[Black "Arun, Siddharth"]
[Result "1/2-1/2"]
[WhiteElo "2382"]
[BlackElo "2045"]
[PlyCount "83"]
[EventDate "2019.08.??"]
[EventType "swiss"]
[EventRounds "9"]
[EventCountry "USA"]

1. d4 Nf6 2. Nf3 c5 3. d5 e6 4. c4 exd5 5. cxd5 d6 6. Nc3 g6 7. e4 Bg7 8. h3
O-O 9. Bd3 b5 10. Bxb5 Nxe4 11. Nxe4 Qa5+ 12. Nfd2 Qxb5 13. Nxd6 Qa6 14. N2c4
Nd7 15. O-O Ne5 16. Nxc8 Raxc8 17. Nxe5 Bxe5 18. Re1 Qd6 19. Bg5 f6 20. Bh6
Rfd8 21. Qa4 Qd7 22. Qa6 Qxd5 23. Qxa7 Rd7 24. Qa6 Ra8 25. Qe2 Qd3 26. Qg4 f5
27. Qe2 Qxe2 28. Rxe2 Rxa2 29. Rc1 Bd4 30. Re8+ Kf7 31. Rce1 Bg7 32. Bxg7 Kxg7
33. Rb8 Raa7 34. Re2 Rdc7 35. g3 Rab7 36. Rbe8 Rb3 37. R8e3 Rxe3 38. Rxe3 Rb7
39. b3 Kf6 40. Kf1 Rb4 41. Rc3 Ke6 42. Rxc5 1/2-1/2

[Event "49th Continental Open"]
[Site "Sturbridge, MA"]
[Date "2019.08.15"]
[Round "3"]
[White "Yanayt, Eugene"]
[Black "Rade, Danny"]
[Result "1-0"]
[WhiteElo "2264"]
[BlackElo "1984"]
[PlyCount "57"]
[EventDate "2019.08.??"]
[EventType "swiss"]
[EventRounds "9"]
[EventCountry "USA"]

1. d4 Nf6 2. c4 e6 3. Nf3 Bb4+ 4. Nbd2 b6 5. e3 Bb7 6. Bd3 O-O 7. O-O d5 8. Qc2
Nbd7 9. Rd1 dxc4 10. Nxc4 Bxf3 11. gxf3 g6 12. Bf1 Nh5 13. Bg2 Qh4 14. Qa4 Qe7
15. f4 Rab8 16. Qxa7 Rfd8 17. a3 Bd6 18. Bd2 Ndf6 19. Bb4 Ng4 20. h3 Nxf2 21.
Kxf2 Qh4+ 22. Kg1 Bxb4 23. axb4 Qg3 24. Ra3 Kg7 25. b5 Ra8 26. Qb7 Rxa3 27.
bxa3 Rd5 28. Rf1 g5 29. Qxc7 1-0

[Event "49th Continental Open"]
[Site "Sturbridge, MA"]
[Date "2019.08.15"]
[Round "3"]
[White "Kavi, Nithin"]
[Black "Thomforde-Toates, Noah"]
[Result "1-0"]
[WhiteElo "1963"]
[BlackElo "2178"]
[PlyCount "137"]
[EventDate "2019.08.??"]
[EventType "swiss"]
[EventRounds "9"]
[EventCountry "USA"]

1. Nf3 c5 2. c4 g6 3. e4 Bg7 4. d4 cxd4 5. Nxd4 Nc6 6. Be3 Nf6 7. Nc3 Ng4 8.
Qxg4 Nxd4 9. Qd1 Ne6 10. Qd2 Qa5 11. Be2 Bxc3 12. bxc3 O-O 13. Rb1 Qc7 14. O-O
d6 15. f4 Nc5 16. e5 dxe5 17. fxe5 Bf5 18. Rb5 Ne6 19. Qd5 b6 20. Qf3 Rad8 21.
Rd5 Ng7 22. Bg5 Rxd5 23. cxd5 Qxe5 24. Bf4 Qe4 25. g4 Qxf3 26. Bxf3 Bd7 27. Re1
Re8 28. c4 f6 29. Re3 Kf8 30. Ra3 Rc8 31. Rxa7 Rxc4 32. Bh6 Bxg4 33. d6 Bxf3
34. Rxe7 Rd4 35. Bxg7+ Kg8 36. d7 Bg4 37. Re8+ Kxg7 38. d8=Q Rxd8 39. Rxd8 b5
40. a3 Kf7 41. Rd5 Be2 42. Rd7+ Ke6 43. Rxh7 g5 44. Kf2 Bc4 45. Ke3 Ke5 46.
Re7+ Be6 47. Rc7 Kd5 48. Kd3 f5 49. Rb7 Kc5 50. Rg7 g4 51. Ke3 Kc4 52. Kf4 Kb3
53. Ra7 Bc8 54. Ke5 f4 55. Kxf4 Be6 56. Re7 Bc8 57. Re3+ Ka4 58. Rc3 Be6 59.
Rc6 Bc4 60. Ra6+ Kb3 61. Ra7 Be2 62. Re7 Bd1 63. Re1 Bc2 64. Re3+ Ka4 65. Kxg4
Bb3 66. h4 Kxa3 67. h5 Ka4 68. Rxb3 Kxb3 69. h6 1-0

[Event "49th Continental Open"]
[Site "Sturbridge, MA"]
[Date "2019.08.15"]
[Round "3"]
[White "Matsumura, Cocoro"]
[Black "Chen, Maxwell"]
[Result "1/2-1/2"]
[WhiteElo "1829"]
[BlackElo "1808"]
[PlyCount "95"]
[EventDate "2019.08.??"]
[EventType "swiss"]
[EventRounds "9"]
[EventCountry "USA"]

1. e4 e5 2. Nf3 Nc6 3. Bb5 a6 4. Ba4 Nf6 5. O-O Be7 6. Re1 b5 7. Bb3 d6 8. c3
O-O 9. h3 Na5 10. Bc2 c5 11. d4 Qc7 12. Nbd2 cxd4 13. cxd4 Bd7 14. Nf1 Rac8 15.
Ne3 Rfe8 16. b3 Bf8 17. Bb2 exd4 18. Nxd4 Qb7 19. Qd2 Nc6 20. Nxc6 Bxc6 21.
Bxf6 gxf6 22. Nd5 Bg7 23. Rac1 Kh8 24. Qd3 Re5 25. Bb1 Rce8 26. f4 Rh5 27. Qd1
Rh6 28. Nb4 Bd7 29. Qxd6 f5 30. Qc7 Bd4+ 31. Kh2 Bc8 32. exf5 Rg8 33. Be4 Qxc7
34. Rxc7 Bf2 35. Rec1 Bg3+ 36. Kh1 Bxf4 37. Rxc8 Bxc1 38. Rxc1 Rh4 39. Re1 Rgg4
40. Bf3 Rxb4 41. f6 h6 42. Re7 Rhf4 43. Rxf7 Rbd4 44. Bh5 Kg8 45. Rg7+ Kf8 46.
Rf7+ Kg8 47. Rg7+ Kf8 48. Rf7+ 1/2-1/2

[Event "49th Continental Open"]
[Site "Sturbridge, MA"]
[Date "2019.08.15"]
[Round "2.1"]
[White "Nyzhnyk, Illya"]
[Black "Balakrishnan, Praveen"]
[Result "1/2-1/2"]
[WhiteElo "2666"]
[BlackElo "2433"]
[PlyCount "21"]
[EventDate "2019.08.??"]
[EventType "swiss"]
[EventRounds "9"]
[EventCountry "USA"]

1. d4 Nf6 2. Nf3 d5 3. c4 e6 4. Nc3 Be7 5. Qc2 c5 6. dxc5 d4 7. Nb5 Bxc5 8. Bf4
O-O 9. O-O-O Qe7 10. Nbxd4 Ng4 11. Bg3 1/2-1/2

[Event "49th Continental Open"]
[Site "Sturbridge, MA"]
[Date "2019.08.15"]
[Round "2.2"]
[White "Zherebukh, Yaroslav"]
[Black "Lapshun, Yury"]
[Result "1-0"]
[WhiteElo "2631"]
[BlackElo "2391"]
[PlyCount "73"]
[EventDate "2019.08.??"]
[EventType "swiss"]
[EventRounds "9"]
[EventCountry "USA"]

1. Nf3 d5 2. g3 Nf6 3. Bg2 e6 4. O-O Be7 5. c4 O-O 6. b3 c6 7. Bb2 b6 8. d3 Bb7
9. Nbd2 Nbd7 10. e4 dxe4 11. dxe4 Nc5 12. e5 Nfd7 13. Qc2 Qc7 14. b4 Na6 15. a3
Rfd8 16. Ne4 Nf8 17. Qc3 Nb8 18. Nf6+ gxf6 19. exf6 Bd6 20. c5 bxc5 21. bxc5
Bf4 22. gxf4 Qxf4 23. Qa5 Rd5 24. Qb4 Qxb4 25. axb4 Ng6 26. Nd4 Rg5 27. Kh1 a5
28. Nb3 Rg4 29. Nxa5 Rxb4 30. Bc3 Rb5 31. Rfd1 Nf8 32. Bf1 Rbxa5 33. Rxa5 Rxa5
34. Bxa5 Nbd7 35. Bd8 Nxc5 36. Be7 Ncd7 37. Bg2 1-0

[Event "49th Continental Open"]
[Site "Sturbridge, MA"]
[Date "2019.08.15"]
[Round "2.3"]
[White "Mandizha, Farai"]
[Black "Dragun, Kamil"]
[Result "0-1"]
[WhiteElo "2389"]
[BlackElo "2614"]
[PlyCount "96"]
[EventDate "2019.08.??"]
[EventType "swiss"]
[EventRounds "9"]
[EventCountry "USA"]

1. d4 Nf6 2. c4 e6 3. Nf3 d5 4. Nc3 Bb4 5. Qa4+ Nc6 6. e3 O-O 7. Qc2 Re8 8. a3
Bf8 9. Ne5 Nxe5 10. dxe5 Nd7 11. cxd5 Nxe5 12. Nb5 Bd7 13. Qxc7 Bxb5 14. Qxd8
Rexd8 15. Bxb5 Rxd5 16. Be2 Nd3+ 17. Bxd3 Rxd3 18. Bd2 Rb3 19. Bc3 a5 20. O-O-O
a4 21. Kc2 Rc8 22. Rd3 Be7 23. Rhd1 h5 24. Rd4 b5 25. R1d3 Bf6 26. Rb4 Rxb4 27.
axb4 Be7 28. Rd4 Kf8 29. Kd3 Ke8 30. Re4 g6 31. Re5 Rb8 32. Re4 Kd7 33. Rf4 f5
34. Be5 Ra8 35. Rd4+ Kc6 36. Kc2 Rd8 37. Rxd8 Bxd8 38. b3 Kd5 39. Bb2 axb3+ 40.
Kd3 Be7 41. Ba3 Bf6 42. f3 b2 43. e4+ fxe4+ 44. fxe4+ Kd6 45. Kc2 Bd4 46. Bxb2
Bxb2 47. Kxb2 Ke5 48. Kc3 Kxe4 0-1

[Event "49th Continental Open"]
[Site "Sturbridge, MA"]
[Date "2019.08.15"]
[Round "2.4"]
[White "Zhou, Jianchao"]
[Black "Mulyar, Michael"]
[Result "0-1"]
[WhiteElo "2606"]
[BlackElo "2382"]
[PlyCount "101"]
[EventDate "2019.08.??"]
[EventType "swiss"]
[EventRounds "9"]
[EventCountry "USA"]

1. d4 d5 2. c4 c6 3. Nf3 Nf6 4. Nc3 e6 5. Bg5 dxc4 6. e4 b5 7. e5 h6 8. Bh4 g5
9. Nxg5 hxg5 10. Bxg5 Nbd7 11. g3 Bb7 12. Bg2 Qb6 13. exf6 O-O-O 14. O-O c5 15.
dxc5 Nxc5 16. Qe2 Bxg2 17. Kxg2 Bh6 18. h4 Bxg5 19. hxg5 Qc6+ 20. f3 b4 21. Ne4
Nxe4 22. Qxe4 Qxe4 23. fxe4 Rhg8 24. Rac1 Rd4 25. Rh1 Rxg5 26. Rh7 Rd3 27.
Rxc4+ Kd8 28. Kf2 Rgxg3 29. Rd4+ Rxd4 30. Kxg3 Rd7 31. Kf4 Kc7 32. Ke5 Kc6 33.
b3 Kc5 34. Rh8 Kc6 35. Rb8 Kc5 36. Rc8+ Kb6 37. Rb8+ Kc5 38. Rc8+ Kb6 39. Kf4
a5 40. Rf8 Kc5 41. Ke5 Rc7 42. Re8 Rd7 43. Re7 Kc6 44. Rxf7 Rxf7 45. Kxe6 Ra7
46. f7 Ra8 47. Ke7 Kc5 48. f8=Q Rxf8 49. Kxf8 Kd4 50. Ke7 Kxe4 51. Kd6 0-1

[Event "49th Continental Open"]
[Site "Sturbridge, MA"]
[Date "2019.08.15"]
[Round "2"]
[White "Stripunsky, Alexander"]
[Black "Yanayt, Eugene"]
[Result "1-0"]
[WhiteElo "2520"]
[BlackElo "2264"]
[PlyCount "91"]
[EventDate "2019.08.??"]
[EventType "swiss"]
[EventRounds "9"]
[EventCountry "USA"]

1. e4 c5 2. c3 d5 3. exd5 Qxd5 4. d4 g6 5. Nf3 Bg7 6. Na3 Nh6 7. Bc4 Qe4+ 8.
Qe2 Qxe2+ 9. Bxe2 cxd4 10. Nxd4 Nf5 11. Nxf5 Bxf5 12. Nb5 Kd8 13. Bf4 Kc8 14.
O-O-O Nc6 15. Rhe1 Rd8 16. Bc4 Rxd1+ 17. Rxd1 Ne5 18. Be2 a6 19. Nd4 Bd7 20. h3
b6 21. Re1 Ra7 22. Bxe5 Bxe5 23. Bxa6+ Rxa6 24. Rxe5 Kd8 25. a3 Ra7 26. f4 e6
27. h4 Ke7 28. Kd2 Ra4 29. g3 f6 30. Re3 Ra5 31. c4 Rc5 32. b3 h6 33. Kc3 Ra5
34. a4 g5 35. hxg5 hxg5 36. Ne2 e5 37. fxg5 fxg5 38. Kb4 Bc6 39. Nd4 Kd6 40.
Nxc6 Kxc6 41. Rf3 e4 42. Rf6+ Kd7 43. Kc3 Re5 44. Kd2 Kc7 45. Ke3 Kb7 46. g4
1-0

[Event "49th Continental Open"]
[Site "Sturbridge, MA"]
[Date "2019.08.15"]
[Round "2"]
[White "Wu, Brandon"]
[Black "Escalante Ramirez, Brian Sebasti"]
[Result "1/2-1/2"]
[WhiteElo "2023"]
[BlackElo "2452"]
[PlyCount "34"]
[EventDate "2019.08.??"]
[EventType "swiss"]
[EventRounds "9"]
[EventCountry "USA"]

1. Nf3 d5 2. c4 e6 3. g3 Nf6 4. Bg2 Be7 5. O-O O-O 6. d4 dxc4 7. Ne5 Nc6 8.
Bxc6 bxc6 9. Nxc6 Qe8 10. Nxe7+ Qxe7 11. Qa4 e5 12. dxe5 Qxe5 13. Qxc4 Be6 14.
Qc2 Bf5 15. Qc4 Be6 16. Qc2 Bf5 17. Qc4 Be6 1/2-1/2

[Event "49th Continental Open"]
[Site "Sturbridge, MA"]
[Date "2019.08.15"]
[Round "2"]
[White "Arun, Siddharth"]
[Black "Cordova, Emilio"]
[Result "1/2-1/2"]
[WhiteElo "2045"]
[BlackElo "2599"]
[PlyCount "83"]
[EventDate "2019.08.??"]
[EventType "swiss"]
[EventRounds "9"]
[EventCountry "USA"]

1. d4 Nf6 2. Nc3 d5 3. Bf4 Bf5 4. e3 e6 5. a3 Be7 6. Bd3 Bg6 7. Nf3 O-O 8. Qe2
Nbd7 9. e4 dxe4 10. Nxe4 c5 11. Nxc5 Nxc5 12. dxc5 Bxd3 13. Qxd3 Qxd3 14. cxd3
Bxc5 15. Ke2 Nd5 16. Be3 Bd6 17. Rac1 a5 18. g3 Rfd8 19. Rc2 h6 20. Nd4 a4 21.
Rb1 Be5 22. Nb5 Ra5 23. Nc3 Bf6 24. Ne4 Be7 25. Bc5 f5 26. Bxe7 Nxe7 27. Rc5
Ra6 28. Nc3 Nc6 29. Rc4 Nd4+ 30. Ke3 Rad6 31. Rxa4 b5 32. Ra5 e5 33. Ra7 b4 34.
axb4 Nc2+ 35. Ke2 Nxb4 36. Ra5 Nxd3 37. Rd1 g6 38. Rd5 e4 39. Rxd6 Rxd6 40. f3
exf3+ 41. Kxf3 Ne5+ 42. Kf4 1/2-1/2

[Event "49th Continental Open"]
[Site "Sturbridge, MA"]
[Date "2019.08.15"]
[Round "2"]
[White "Rajesh, C.S."]
[Black "Kavi, Nithin"]
[Result "1/2-1/2"]
[WhiteElo "2145"]
[BlackElo "1963"]
[PlyCount "130"]
[EventDate "2019.08.??"]
[EventType "swiss"]
[EventRounds "9"]
[EventCountry "USA"]

1. c4 Nf6 2. g3 g6 3. Bg2 Bg7 4. Nc3 O-O 5. Nf3 d6 6. O-O a6 7. Rb1 e5 8. d3 h6
9. b4 Nh5 10. e4 Be6 11. a4 Nd7 12. Nd5 c6 13. Ne3 Qe8 14. d4 exd4 15. Nxd4 Ne5
16. Nxe6 Qxe6 17. Qe2 Nf6 18. h3 Rfe8 19. Qc2 b5 20. c5 dxc5 21. bxc5 Ned7 22.
Rd1 Bf8 23. Ba3 Ra7 24. Re1 Qe7 25. Rbc1 Rb7 26. axb5 axb5 27. Bb4 Ra7 28. Nd1
Qe5 29. Bc3 Qe6 30. Bd4 Ra4 31. Qb2 Ne5 32. Bxe5 Qxe5 33. f4 Bxc5+ 34. Kh1 Qxb2
35. Nxb2 Bb4 36. Red1 Ra3 37. e5 Nd5 38. Bxd5 cxd5 39. Rxd5 Rxg3 40. Rxb5 Bd2
41. Rf1 Rxh3+ 42. Kg2 Rc3 43. Rf2 Rd8 44. Rb4 Re3 45. Rc4 Be1 46. Rfc2 h5 47.
Rc8 Rxc8 48. Rxc8+ Kg7 49. Nc4 Rg3+ 50. Kf1 Bb4 51. Rb8 Bc5 52. Rc8 Rg1+ 53.
Ke2 h4 54. Nd6 Rg2+ 55. Kf1 Rf2+ 56. Ke1 Bd4 57. Rc7 h3 58. Nxf7 Rxf4 59. Ng5+
Kh6 60. Nxh3 Re4+ 61. Kf1 Rxe5 62. Rc4 Bc5 63. Rh4+ Kg7 64. Rc4 Rf5+ 65. Kg2
Bd6 1/2-1/2

[Event "49th Continental Open"]
[Site "Sturbridge, MA"]
[Date "2019.08.15"]
[Round "2"]
[White "Li, Jerry"]
[Black "Poliannikov, Danila"]
[Result "1/2-1/2"]
[WhiteElo "1994"]
[BlackElo "2093"]
[PlyCount "162"]
[EventDate "2019.08.??"]
[EventType "swiss"]
[EventRounds "9"]
[EventCountry "USA"]

1. e4 e5 2. Nf3 Nc6 3. Bc4 Bc5 4. c3 Nf6 5. d3 O-O 6. O-O d5 7. exd5 Nxd5 8.
Nbd2 Bg4 9. Ne4 Bb6 10. Ng3 f6 11. h3 Be6 12. a4 Qd7 13. Nh4 Rad8 14. Qf3 a5
15. Nhf5 Nce7 16. Nxe7+ Nxe7 17. Qxb7 Bxc4 18. dxc4 Qd3 19. c5 Rb8 20. Qe4 Qxe4
21. Nxe4 Ba7 22. Rb1 f5 23. Ng5 Rf6 24. Be3 Nd5 25. Kh2 Nxe3 26. fxe3 Bxc5 27.
Nf3 Rfb6 28. Kh1 Bd6 29. Rf2 g6 30. Rc2 Kf7 31. Nd2 Rc6 32. Kg1 Ke6 33. Kf2 e4
34. Ke2 Be5 35. Rbc1 h5 36. Rd1 h4 37. Ra1 g5 38. Ra3 Bd6 39. Rb3 Rxb3 40. Nxb3
Rc4 41. Nd4+ Ke5 42. b3 Rc5 43. b4 Rc4 44. bxa5 Rxa4 45. Rb2 c5 46. Nb3 Ra3 47.
Nd2 Kd5 48. Rb6 Ra2 49. Kd1 Ra1+ 50. Ke2 Bg3 51. c4+ Ke5 52. Nb3 Ra2+ 53. Kd1
f4 54. exf4+ gxf4 55. Nxc5 e3 56. Rb2 Rxa5 57. Nb3 Ra4 58. Rc2 Ra3 59. Nc1 Ra6
60. Ke2 Bh2 61. c5 Rg6 62. Kd3 Kd5 63. c6 Rxc6 64. Rxc6 Kxc6 65. Ke2 Kd5 66.
Nd3 Kd4 67. Ne1 Ke4 68. Nf3 Bg3 69. Ng1 Bf2 70. Nf3 Kf5 71. Nh2 Ke5 72. Nf3+
Ke4 73. Ng5+ Kd5 74. Nf3 Bg3 75. Ng1 Ke5 76. Nf3+ Ke4 77. Ng5+ Kf5 78. Nf3 Bf2
79. Nh2 Ke6 80. Nf3 Kd5 81. Nh2 Bg3 1/2-1/2

[Event "49th Continental Open"]
[Site "Sturbridge, MA"]
[Date "2019.08.15"]
[Round "2"]
[White "Barash, Anton"]
[Black "Sevian, Samuel"]
[Result "0-1"]
[WhiteElo "1996"]
[BlackElo "2665"]
[PlyCount "54"]
[EventDate "2019.08.??"]
[EventType "swiss"]
[EventRounds "9"]
[EventCountry "USA"]

1. e4 g6 2. d4 Bg7 3. Nc3 a6 4. f4 b5 5. Nf3 d6 6. Be3 Nd7 7. Be2 Bb7 8. Qd2 b4
9. Nd1 Bxe4 10. Nf2 Bb7 11. Qxb4 Rb8 12. Qa3 e6 13. O-O Ne7 14. c3 Nf5 15. Bd2
O-O 16. Ng4 c5 17. Ne3 Qb6 18. Nc4 Qc7 19. dxc5 Nxc5 20. Rad1 Ne4 21. Bc1 Bd5
22. Ne3 Qb6 23. c4 Bxb2 24. Bxb2 Qxe3+ 25. Qxe3 Nxe3 26. Bd4 Nxd1 27. cxd5 Ndc3
0-1

[Event "49th Continental Open"]
[Site "Sturbridge, MA"]
[Date "2019.08.15"]
[Round "2"]
[White "Krishnakumar, Sriram"]
[Black "Times, Lawyer"]
[Result "1-0"]
[WhiteElo "1854"]
[BlackElo "2139"]
[PlyCount "40"]
[EventDate "2019.08.??"]
[EventType "swiss"]
[EventRounds "9"]
[EventCountry "USA"]

1. e4 Nf6 2. e5 Nd5 3. d4 d6 4. Bc4 c6 5. f4 Qb6 6. Bxd5 cxd5 7. Nf3 Nc6 8. c3
e6 9. O-O Be7 10. Qd3 Bd7 11. a4 Na5 12. Nbd2 Rc8 13. b4 Nc4 14. Nxc4 Rxc4 15.
Bd2 f6 16. exf6 gxf6 17. Kh1 O-O 18. f5 Qc6 19. fxe6 Bxe6 20. Rae1 Qd7 1-0

[Event "49th Continental Open"]
[Site "Sturbridge, MA"]
[Date "2019.08.15"]
[Round "1.1"]
[White "Zeltsan, Joseph"]
[Black "Nyzhnyk, Illya"]
[Result "0-1"]
[WhiteElo "2293"]
[BlackElo "2666"]
[PlyCount "88"]
[EventDate "2019.08.??"]
[EventType "swiss"]
[EventRounds "9"]
[EventCountry "USA"]

1. e4 c6 2. d4 d5 3. e5 Bf5 4. Nc3 e6 5. g4 Bg6 6. Nge2 c5 7. h4 h5 8. Nf4 Bh7
9. g5 cxd4 10. Nb5 Be4 11. f3 Bf5 12. Nxd4 Ne7 13. Nxf5 Nxf5 14. Bd3 Qc7 15.
Bxf5 Qxe5+ 16. Qe2 Qxf5 17. Qb5+ Nd7 18. Qxb7 Rb8 19. Qc6 Qe5+ 20. Kd1 Qd6 21.
Qxd6 Bxd6 22. b3 Ke7 23. Re1 Ne5 24. Bb2 Nxf3 25. Nxd5+ Kf8 26. Re3 Nxh4 27.
Nc3 Nf5 28. Rd3 Be5 29. Ke2 h4 30. Rad1 Ke8 31. Nb5 Bxb2 32. Nc7+ Kf8 33. Rd8+
Rxd8 34. Rxd8+ Ke7 35. Rxh8 g6 36. Ra8 h3 37. Kf3 Be5 38. Rxa7 Nh4+ 39. Ke4 h2
40. Kxe5 Nf3+ 41. Kf4 h1=Q 42. Nd5+ Kd6 43. Ne3 e5+ 44. Kg3 Nxg5 0-1

[Event "49th Continental Open"]
[Site "Sturbridge, MA"]
[Date "2019.08.15"]
[Round "1.2"]
[White "Sevian, Samuel"]
[Black "Yanayt, Eugene"]
[Result "0-1"]
[WhiteElo "2665"]
[BlackElo "2264"]
[PlyCount "128"]
[EventDate "2019.08.??"]
[EventType "swiss"]
[EventRounds "9"]
[EventCountry "USA"]

1. e4 c5 2. Nc3 d6 3. d4 cxd4 4. Qxd4 Nc6 5. Qd2 Nf6 6. b3 e6 7. Bb2 Be7 8.
O-O-O a6 9. f3 b5 10. Kb1 O-O 11. g4 Bb7 12. g5 Nd7 13. h4 Qa5 14. Nh3 Rfd8 15.
h5 b4 16. Ne2 Nce5 17. Bg2 d5 18. exd5 Bxd5 19. Nef4 Nc4 20. Qe2 Nxb2 21. Rxd5
exd5 22. Qxe7 Nc4 23. g6 Na3+ 24. Kb2 Qc7 25. gxf7+ Kh8 26. Qxb4 Nc4+ 27. Ka1
Qe5+ 28. c3 Ne3 29. Ng6+ hxg6 30. hxg6 Nf5 31. Nf2+ Nh6 32. Ng4 a5 33. f4 axb4
34. fxe5 Nf8 35. c4 Ra6 36. Bxd5 Rxg6 37. e6 Nxe6 38. Ne5 Rf6 39. Bxe6 Rxe6 40.
Nd7 Rd6 41. f8=Q+ Rxf8 42. Nxf8 Kg8 43. Rf1 Nf7 44. c5 Rd5 45. Ne6 Re5 46. Nf4
Rxc5 47. Nd3 Rb5 48. Rf4 g5 49. Rd4 Nh6 50. Nxb4 g4 51. Nd3 g3 52. Nf4 Rf5 53.
Kb2 Rxf4 54. Rd1 Rf2+ 55. Kc3 g2 56. Rg1 Nf7 57. b4 Ng5 58. b5 Nf3 59. Rxg2+
Rxg2 60. a4 Kf7 61. b6 Ke7 62. b7 Rg8 63. a5 Kd7 64. a6 Kc6 0-1